Filmographie Joe Dante - Statistiques

Statistiques générales
  • Ce quiz a été pris 6 fois
  • Le résultat moyen est 8 sur 14
Statistiques - réponses
Année Films % Correct
1984 Gremlins
100%
1990 Gremlins 2 : La Nouvelle Génération
100%
1981 Hurlements
80%
1987 L'Aventure intérieure
80%
1998 Small Soldiers
80%
1985 Explorers
60%
1976 (co-réalisé avec Allan Arkush) Hollywood Boulevard
60%
2003 Les Looney Tunes passent à l'action
60%
1978 Piranhas
60%
1966(co-réalisé avec Jon Davison, film d'études expérimental) The Movie Orgy
60%
1989 Les Banlieusards
40%
2014 Burying the Ex
20%
1993 Panic sur Florida Beach
20%
2009 The Hole
20%
Aucun quiz correspondant
Distribution des résultats
% des personnes avec chaque résultat
Percentile par nombre de réponses
Votre historique - résultats
Vous n’avez pas pris ce quiz